Playboi Carti songs by Lyrics - Statistics

General Stats
  • This quiz has been taken 82 times
  • The average score is 15 of 25
Answer Stats
Lyrics Answer % Correct
"I ain't felt like this in a long time, I ain't have shitin a long time" Long Time (Intro)
90%
"Wake up, it's the first of the month" Sky
90%
"I'm thinking bout dying my hair red just tolook like a pint of red" ILoveUIHateU
84%
"Basically what I'm sayin' is, I can't changebut-but for you, I would do things and maybe one day I'd get on my knees and give you a diamond ring" Control
74%
"Uh, F1LTHY said, wake up, wake upuh, had to go get the cake, cake up racks on me, racks up, racks up" WAKE UP F1LTHY
73%
"Yeah, I'm in the coupe with a cutter, yeah,sippin' on wock, yeah, posted with my brother yeah he got a mop" New Tank
71%
"Put 'em on the news or somethin', I'm evillike Luci' son a whole lotta bitches be hatin' on me 'cause I got all the buns" 2024
70%
"All of my friends are dead, leave 'em in the cold put 'em in the tundra" HBA
67%
"Oh, I think they like me, yeah, they like meDiamonds on me, ice cream, ho that slightly" Wokeuplikethis*
66%
"Shawty wanna ball with the team money sittin'tall, Yao Ming" Yah Mean
66%
"Opposites always attract, how you happy thenget mad?" RATHER LIE
64%
"Everybody rock with me because I'm up nowtook your girl and I'ma score like I made the touchdown" Shoota
64%
"I study the streets how you gonna go to warwith a genius" TOXIC
63%
"If they don't play this, call the DJ this versejust shut down the freeway born in the A, you can't impeach Ye" Go2DaMoon
60%
"I feel like Morpheus. I got my whole gang onsome other shit." M3tamorphosis
60%
"The bentley is parked outside, myvibe tryna go for a ride" All Red
50%
"Girl that's bad for us, say you mad for once said she had enough" Flex
49%
"Let the real speak, let the fake getgone let the fake go home" Made it this far
46%
"My flag the same color as cranberry Youcome round by my gang, it's hail mary" Vamp Anthem
46%
"City to city, I'm tourin' Lil Carti I'm ready to pour" Foreign
43%
"Buy it in cash, put it on the floor. Came a longway still can't believe I made Forbes" MUNYUN
41%
"Let's take some pictures let's take some scenes,huh, Playboy, huh, magazine" Fell in Luv
39%
"Stop callin' my phone like you know me,Ice on my neck 230" MOJO JOJO
36%
"I ride with the chopper, the stick, yeah, thesebitches is ready to kill, yeah, hold up my niggas they ready to drill, yeah @MEH
29%
"All black mask with the kill, I just got numb no feel" RADAR
29%
No matching quizzes found
Score Distribution
Percent of People with Each Score
Percentile by Number Answered
Your Score History
You have not taken this quiz